Svařování ocelového potrubí v plynárenství : odborný seminář : sborník přednášek

Corporate Author: Český svářečský ústav
Other Authors: Svařování ocelového potrubí v plynárenství (seminář), Severočeská plynárenská (firma)
Language: Czech
Published: Ostrava : Vysoká škola báňská - Technická univerzita :Český svářečský ústav :Severomoravská plynárenská, 2004-2007
Online Access: Digitalizovaný dokument
Physical Description: ^^^sv. ; 29 cm
Subscribed years: 2004-07
Subscribed volumes: 1-2
Newspaper or Journal
Saved in:
LEADER 02005nas a2200469 a 4500
001 000711154
003 CZ BrMZK
005 20250327092906.0
007 ta
008 040414d20042007xr uu p 1 a0cze d
015 |a cnb001715415 
035 |a (OCoLC)85104233 
040 |a OLA001  |b cze  |d BOA001 
072 7 |a 621  |x Strojírenství  |2 Konspekt  |9 19 
080 |a 621.791  |2 MRF 
080 |a (062.534)  |2 MRF 
080 |a 662.76  |2 MRF 
080 |a 621.644-034.14  |2 MRF 
111 2 |a Svařování ocelového potrubí v plynárenství (seminář)  |7 kn20070405006 
245 1 0 |a Svařování ocelového potrubí v plynárenství :  |b odborný seminář : sborník přednášek 
260 |a Ostrava :  |b Vysoká škola báňská - Technická univerzita :  |c 2004-2007  |b Český svářečský ústav :  |b Severomoravská plynárenská, 
300 |a ^^^sv. ;  |c 29 cm 
310 |a Periodicita není známa 
500 |a Jednotlivé svazky mají vlastní ISBN 
521 |a Určeno pro účastníky odborného semináře 
541 |c pv-r 
500 |a Dostupné též v digitální podobě v aplikaci Kramerius 
650 0 7 |a plynárenství  |7 ph124136  |2 czenas 
650 0 7 |a ocelová potrubí  |7 ph217747  |2 czenas 
650 0 7 |a svařování  |7 ph116342  |2 czenas 
655 7 |a sborníky konferencí  |7 fd133333  |2 czenas 
710 2 |a Český svářečský ústav  |7 kn20020321546 
710 2 |a Severočeská plynárenská (firma)  |7 ko2005275239 
856 4 1 |u http://www.digitalniknihovna.cz/mzk/uuid/uuid:dbe26240-01c1-11e4-99ee-001018b5eb5c  |y Digitalizovaný dokument  |x NDK 
902 |a 80-248-0566-9  |q (2004) 
902 |a 978-80-248-1325-7  |q (2007) 
910 |a BOA001  |b 3-1131.977  |r 2004-07  |s 1-2 
952 |a e-xr-mo 
990 |a SE 
991 |b 20070320 
996 6 |b 2610218015  |c 3-1131.977  |d 2004 1  |v 1  |y 2004  |l MZK  |r Sklad / do 1 hodiny  |n 0  |p p.v.  |w 000711154  |u 000010  |a 1  |e BOA001  |j MZK50  |s P 
996 6 |b 2610305621  |c 3-1131.977  |d 2007 2  |v 2007  |y 2007  |l MZK  |r Sklad / do 1 hodiny  |n 0  |p p.v.  |w 000711154  |u 000020  |a 1  |e BOA001  |j MZK50  |s P